NIGERIA in evolution
Сохранить в:
| Главный автор: | |
|---|---|
| Формат: | |
| Язык: | английский |
| Опубликовано: |
The Nigerian Academy of Letters, University of Ibadan
2013.
|
| Метки: |
Добавить метку
Нет меток, Требуется 1-ая метка записи!
|
MARC
| LEADER | 00000nam a22000007a 4500 | ||
|---|---|---|---|
| 008 | 210621b ||||| |||| 00| 0 eng d | ||
| 020 | |a 989-978-2459-75-5 | ||
| 100 | |a edited by MAKINDE, Akinola Moses | ||
| 245 | |a NIGERIA in evolution |c edited by Moses Akinola Makinde |e Occassional publication |f No.11 |g vii, 77p. | ||
| 250 | |c edited by MAKINDE, Akinola Moses | ||
| 260 | |b The Nigerian Academy of Letters, University of Ibadan |c 2013. |h Ibadan |i 685269 |i 685270 |i 685271 |i 685272 |i 685273 |i 685274 |i 685275 |l DT515.22 .N56 |m Nigeria – Politics and government. |m Nigeria – Economic conditions – 1960- |m Constitutional history – Nigeria. | ||
| 500 | |a “It includes references” | ||
| 942 | |a lcc |c BK |e YUNUSA, A.A. |f 21/6/21 | ||
| 952 | |0 0 |1 0 |2 lcc |4 0 |6 DT051522 N56 |7 0 |9 2642 |a HOL |b SSL |c AF |d 2021-06-21 |l 0 |o DT515.22 .N56 |p 2021-6489 |r 2021-06-21 00:00:00 |w 2021-06-21 |y BK | ||
| 952 | |0 0 |1 0 |2 lcc |4 0 |6 DT051522 N56 |7 0 |9 2643 |a HOL |b HOL |c AF |d 2021-06-21 |l 0 |o DT515.22 .N56 |p 2021-6490 |r 2021-06-21 00:00:00 |w 2021-06-21 |y BK | ||
| 952 | |0 0 |1 0 |2 lcc |4 0 |6 DT051522 N56 |7 0 |9 2644 |a HOL |b HOL |c AF |d 2021-06-21 |l 0 |o DT515.22 .N56 |p 2021-6491 |r 2021-06-21 00:00:00 |w 2021-06-21 |y BK | ||
| 952 | |0 0 |1 0 |2 lcc |4 0 |6 DT051522 N56 |7 0 |9 2645 |a HOL |b HOL |c AF |d 2021-06-21 |l 0 |o DT515.22 .N56 |p 2021-6492 |r 2021-06-21 00:00:00 |w 2021-06-21 |y BK | ||
| 952 | |0 0 |1 0 |2 lcc |4 0 |6 DT051522 N56 |7 0 |9 2646 |a HOL |b HOL |c AF |d 2021-06-21 |l 0 |o DT515.22 .N56 |p 2021-6493 |r 2021-06-21 00:00:00 |w 2021-06-21 |y BK | ||
| 952 | |0 0 |1 0 |2 lcc |4 0 |6 DT051522 N56 |7 0 |9 2647 |a HOL |b HOL |c AF |d 2021-06-21 |l 0 |o DT515.22 .N56 |p 2021-6494 |r 2021-06-21 00:00:00 |w 2021-06-21 |y BK | ||
| 952 | |0 0 |1 0 |2 lcc |4 0 |6 DT051522 N56 |7 0 |9 2648 |a HOL |b HOL |c AF |d 2021-06-21 |l 0 |o DT515.22 .N56 |p 2021-6495 |r 2021-06-21 00:00:00 |w 2021-06-21 |y BK | ||
| 999 | |c 1382 |d 1382 | ||